| 000 | 00706nam a2200241 a 4500 | ||
|---|---|---|---|
| 001 | BRL_614 | ||
| 005 | 20190320210825.0 | ||
| 008 | 100913s1948----mx-a######---#000-0#spa-# | ||
| 041 | _aspa | ||
| 044 | _amx | ||
| 050 | 4 |
_aGV200.15 _b.M36 1948 |
|
| 100 | 1 |
_aMangas Alfaro, Roberto _923422 |
|
| 245 | 1 | 0 |
_aMéxico en el Aconagua _cRoberto Mangas Alfaro ; fotografías Federico Espinosa. |
| 260 |
_aMéxico, D.F. _bEdiciones ´Eugene´ _c1948 |
||
| 300 |
_a236 p. _bil. _c19 cm. |
||
| 500 | _aAu713 | ||
| 650 | 1 | 4 |
_aAlpinismo _916779 |
| 650 | 1 | 4 |
_aAlpinistas _zMéxico _923421 |
| 651 | 4 |
_aAconcagua, Monte (Argentina) _924431 |
|
| 700 | 1 |
_aEspinosa, Federico _eil. _924432 |
|
| 902 | _aGRL | ||
| 942 |
_2lcc _cB |
||
| 999 |
_c9426 _d9426 |
||